000 00361pab a2200145 454500
008 180718b2005 xxu||||| |||| 00| 0 eng d
100 _aGiri, Ananta Kumar
245 _aSpiritual cultivation for a secular society
260 _c2005
300 _ap.77-100.
362 _aJan-Apr
650 _aCultivation
773 _aSociological Bulletin
909 _a65349
999 _c65349
_d65349